00533 a2200145 4500003000500000005001700005008004100022022000800063082001100071100000800082245016800090260010400258300000700362600001800369NUST20180118121902.0180118b xxu||||| |||| 00| 0 eng d aNil a530.15 aQAD aApplication of Symmetry MethodsbProceedings of the workshop held from October 15-17, 2002 at Quaid-i-Azad University, IslamabadcAsghar Qadir and Khalid Saifullah aIslamabadbNational Centre for Physics, QAU, IslamabadcNational Centre for Physics, QAU, Islamabad bHB aQadir, Asghar